LIBRARY ONLINE CATALOGUE

Embodied hope : (Record no. 21450)

MARC details
000 -LEADER
fixed length control field 01822cam a2200409 i 4500
001 - CONTROL NUMBER
control field 19572316
003 - CONTROL NUMBER IDENTIFIER
control field OSt
005 - DATE AND TIME OF LATEST TRANSACTION
control field 20260316114614.0
006 - FIXED-LENGTH DATA ELEMENTS--ADDITIONAL MATERIAL CHARACTERISTICS
fixed length control field m |o d |
007 - PHYSICAL DESCRIPTION FIXED FIELD--GENERAL INFORMATION
fixed length control field cr_|||||||||||
008 - FIXED-LENGTH DATA ELEMENTS--GENERAL INFORMATION
fixed length control field 170327s2017 ilu ob 001 0 eng
010 ## - LIBRARY OF CONGRESS CONTROL NUMBER
LC control number 2017014421
020 ## - INTERNATIONAL STANDARD BOOK NUMBER
International Standard Book Number 9780830890972
Qualifying information eBook
020 ## - INTERNATIONAL STANDARD BOOK NUMBER
Canceled/invalid ISBN 9780830851799 (pbk. : alk. paper)
035 ## - SYSTEM CONTROL NUMBER
System control number 19572316
040 ## - CATALOGING SOURCE
Original cataloging agency DLC
Language of cataloging eng
Description conventions rda
Transcribing agency DLC
Modifying agency DLC
042 ## - AUTHENTICATION CODE
Authentication code pcc
050 00 - LIBRARY OF CONGRESS CALL NUMBER
Classification number BT732.7
Item number .K36 2017
082 00 - DEWEY DECIMAL CLASSIFICATION NUMBER
Classification number 233
Edition number 23
100 1# - MAIN ENTRY--PERSONAL NAME
Personal name Kapic, Kelly M.,
Dates associated with a name 1972-
Relator term author.
245 10 - TITLE STATEMENT
Title Embodied hope :
Remainder of title a theological meditation on pain and suffering /
Statement of responsibility, etc. Kelly M. Kapic.
264 #1 - PRODUCTION, PUBLICATION, DISTRIBUTION, MANUFACTURE, AND COPYRIGHT NOTICE
Place of production, publication, distribution, manufacture Downers Grove :
Name of producer, publisher, distributor, manufacturer InterVarsity Press,
Date of production, publication, distribution, manufacture, or copyright notice 2017.
300 ## - PHYSICAL DESCRIPTION
Extent 1 online resource.
336 ## - CONTENT TYPE
Content type term text
Content type code txt
Source rdacontent
337 ## - MEDIA TYPE
Media type term computer
Media type code c
Source rdamedia
338 ## - CARRIER TYPE
Carrier type term online resource
Carrier type code cr
Source rdacarrier
504 ## - BIBLIOGRAPHY, ETC. NOTE
Bibliography, etc Includes bibliographical references and index.
505 0# - FORMATTED CONTENTS NOTE
Formatted contents note A necessary prelude -- The struggle -- Hard thoughts about God -- Don't answer why -- Longing and lament -- Embracing our embodiment -- Questions that come with pain -- The strangeness of God -- One with us: Incarnation -- One for us: cross -- Risen and remaining -- Life together -- Faith, hope, and love -- Confession and the other -- Faithful.
588 ## - SOURCE OF DESCRIPTION NOTE
Source of description note Description based on print version record and CIP data provided by publisher.
650 #0 - SUBJECT ADDED ENTRY--TOPICAL TERM
Topical term or geographic name as entry element Suffering
General subdivision Religious aspects
-- Christianity.
650 #0 - SUBJECT ADDED ENTRY--TOPICAL TERM
Topical term or geographic name as entry element Pain
General subdivision Religious aspects
-- Christianity.
650 #0 - SUBJECT ADDED ENTRY--TOPICAL TERM
Topical term or geographic name as entry element Hope
General subdivision Religious aspects
-- Christianity.
776 08 - ADDITIONAL PHYSICAL FORM ENTRY
Relationship information Print version:
Main entry heading Kapic, Kelly M., 1972- author.
Title Embodied hope
Place, publisher, and date of publication Downers Grove : InterVarsity Press, 2017
International Standard Book Number 9780830851799
Record control number (DLC) 2017004963
906 ## - LOCAL DATA ELEMENT F, LDF (RLIN)
a 7
b cbc
c origcop
d 1
e ecip
f 20
g y-gencatlg
942 ## - ADDED ENTRY ELEMENTS (KOHA)
Source of classification or shelving scheme Library of Congress Classification
Koha item type General Collection
Holdings
Withdrawn status Lost status Source of classification or shelving scheme Not for loan Home library Current library Shelving location Date acquired Source of acquisition Inventory number Total Checkouts Full call number Barcode Date last seen Copy number Price effective from Koha item type
    Library of Congress Classification   Kabarak, Main Campus Kabarak, Main Campus General Stacks 16/03/2026 Donation 2025/3262   BT732.7 .K36 2017 C.1 39572 16/03/2026 C.1 16/03/2026 General Collection